| 000 | 01163nac a22003377a 4500 | ||
|---|---|---|---|
| 001 | BR2012001180 | ||
| 003 | BR-BrBNA | ||
| 005 | 20240105123934.0 | ||
| 008 | 230509b bl.|||m| |||| 00| 0 por d | ||
| 040 |
_aBR-BrBNA _bpor _cBiblioteca Nacional de Agricultura |
||
| 072 | _aF08; F01 | ||
| 090 | _a1821 BR2012001180 | ||
| 100 | 1 | _aRebelo, J.A. | |
| 100 | 1 | _aSchallenberger, E. | |
| 100 | 1 | _aCantú, R.R. | |
| 110 | 1 | _aEmpresa de Pesquisa Agropecuária e Extensão Rural de Santa Catarina S.A., Florianópolis (Brasil) | |
| 245 | 1 | _aCultivo do pepineiro para picles em áreas do Vale do Itajaí e litoral catarinense | |
| 260 | 3 |
_aFlorianópolis, SC (Brasil): _c2011. |
|
| 300 | _a55 p. | ||
| 490 |
_aBoletim Técnico - Empresa de Pesquisa Agropecuária e Extensão Rural de Santa Catarina (Brazil) _vno. 154 _xISSN 0100-8986 |
||
| 500 | _a24 illus.; 9 tables; Bibliography p. 50-54 | ||
| 650 | _aPEPINO | ||
| 650 | _aHORTALIÇA | ||
| 650 | _aOLERICULTURA | ||
| 650 | _aCULTIVO PROTEGIDO | ||
| 650 | _aPICLES | ||
| 650 | _aPRODUTIVIDADE | ||
| 650 | _aCOLHEITA | ||
| 909 |
_a202312 _bLúcia Elande _c55 _dLúcia Elande |
||
| 942 |
_2AGRIS _n0 _cMS |
||
| 999 |
_c297641 _d297641 |
||